000 00514 a2200193 4500
005 20240627154815.0
008 240627b |||||||| |||| 00| 0 eng d
020 _a9788119391714
_cRs. 1800.00
040 _aMAIN
082 _a642.4
_bS64H
100 _aSingh, S K
245 _aHotel and catering management
260 _bAsia Publishers and Distributors
_c2023
_aNew Delhi
300 _aix, 264
650 _aFood Technology
650 _aCatering Management
650 _aHotel Management
942 _cBK
999 _c312849
_d312849